Aguas servidas
Saved in:
| Hovedforfatter: | |
|---|---|
| Format: | Bog |
| Sprog: | spansk |
| Udgivet: |
Santiago, Chile:
Ediciones Universidad Diego Portales,
2018
|
| Udgivelse: | 1a. ed |
| Serier: | Colección Poesía
|
| Fag: | |
| Tags: |
Tilføj Tag
Ingen Tags, Vær først til at tagge denne postø!
|
MARC
| LEADER | 00000cam a2200000 a 4500 | ||
|---|---|---|---|
| 001 | UCC7638 | ||
| 003 | CL-VaPUC | ||
| 005 | 20240322081121.0 | ||
| 008 | 190427e20180000cl |||||||||||||||||spa|d | ||
| 999 | |c 374231 |d 374229 | ||
| 020 | |a 9789563144260 | ||
| 040 | |c Pontificia Universidad Católica de Valparaíso | ||
| 082 | 0 | 4 | |2 22 |a Ch861 COC 2018 |
| 100 | 1 | |a Cociña, Carlos |e autor |9 887889 | |
| 245 | 1 | 0 | |a Aguas servidas |
| 250 | |a 1a. ed | ||
| 260 | |a Santiago, Chile: |b Ediciones Universidad Diego Portales, |c 2018 | ||
| 300 | |a 101 páginas | ||
| 490 | 0 | |a Colección Poesía | |
| 583 | |a last modification |c 20190427 02:22:00 |k Rodrigo Vera | ||
| 650 | 0 | |a Poesías chilenas |9 265280 | |
| 650 | 0 | |a Literatura chilena |9 308278 | |
| 942 | |c BK |2 ddc | ||
| 945 | |d 20190427 02:22:00 |a dcastane | ||
| 952 | |0 0 |1 0 |3 erb |4 0 |6 CH_861_000000000000000_COC_2018 |7 0 |8 A |9 492720 |a BIBART |b BIBART |i 5544289 |l 6 |o Ch861 COC 2018 |p 5544289 |r 2025-03-13 |s 2024-07-30 |t 1 |w 2019-11-24 |y BK |z Catalogado en:20190427 |k ART | ||
| 952 | |0 0 |1 0 |2 ddc |4 0 |6 CH_861_000000000000000_COC_2018 |7 0 |8 A |9 593643 |a BIBART |b BIBART |d 2024-03-13 |e 135 |g 12000.00 |i 5660351 |o Ch861 COC 2018 |p 5660351 |r 2025-03-13 |t 2 |v 12000.00 |w 2024-03-13 |y BK |k ART | ||